Alle deutschen Staatsflaggen - Statistiken

Allgemein
  • Dieses Quiz wurde 162 mal gespielt
  • Das Durchschnittsergebnis liegt bei 12 aus 16
Antwortstatistiken
Bildquiz Antwort % Korrekt
Bayern
99%
Berlin
97%
Hamburg
93%
Niedersachsen
88%
Baden-Württemberg
78%
Bremen
76%
Nordrhein-Westfalen
74%
Sachsen-Anhalt
72%
Sachsen
70%
Brandenburg
69%
Hessen
69%
Rheinland-pfalz
67%
Saarland
64%
Thüringen
64%
Mecklenburg-Vorpommern
63%
Schleswig-Holstein
63%
Keine übereinstimmenden Quizze gefunden
Verteilung der Resultate
Anzahl Personen mit jedem Resultat
Perzentil nach korrekt beantworteten Fragen
Ihre Resultats-Entwicklung
Sie haben dieses Quiz noch nicht gespielt